Tous les pokémon de René - Statistiques

Statistiques générales
  • Ce quiz a été pris 21 fois
  • Le résultat moyen est 18 sur 21
Statistiques - réponses
Hint Réponse % Correct
Boskara
100%
Chimpenfeu
100%
Ouisticram
100%
Pingoléon
100%
Prinplouf
100%
Simiabraz
100%
Tiplouf
100%
Torterra
100%
Diamant & Perle Tortipouss
100%
Etouraptor
93%
Etourmi
93%
Etourvol
93%
Galopa
80%
Ponyta
80%
Rosélia
73%
Roserade
73%
Scarhino
73%
Mustébouée
67%
Mustéflott
67%
Ronflex
67%
Goinfrex
53%
Aucun quiz correspondant
Distribution des résultats
% des personnes avec chaque résultat
Percentile par nombre de réponses
Votre historique - résultats
Vous n’avez pas pris ce quiz